Statistiques concernant Villes les plus peuplées de l'Ain

Cliquez ici pour prendre le quiz!

Statistiques générales

  • Ce quiz a été pris 142 fois
  • Le résultat moyen est 7 sur 15

Statistiques - réponses

PopulationVille% Correct
41 111Bourg-en-Bresse
100%
22 456Oyonnax
83%
14 134Ambérieu-en-Bugey
72%
13 121Gex
70%
9 182Belley
59%
7 923Meximieux
41%
16 378Valserhône
41%
10 122Miribel
37%
10 026Ferney-Voltaire
36%
6 886Montluel
33%
7 161Lagnieu
28%
9 951Divonne-les-Bains
27%
6 920Trévoux
24%
13 943Saint-Genis-Pouilly
23%
8 711Prévessin-Moëns
11%

Distribution des résultats

Percentile par nombre de réponses

% des personnes avec chaque résultat

Votre développement - résultats

Vous n’avez pas pris ce quiz